| 000 | 00758nam a2200181Ia 4500 | ||
|---|---|---|---|
| 005 | 20251020182616.0 | ||
| 008 | 200515s9999 xx 000 0 und d | ||
| 082 | _aSC/693.31/M28 | ||
| 100 | _aMATUK, Silvia | ||
| 245 | 0 | _aConstrucción con Tierra en zona andina : Investigación tecnológica y aplicación práctica : Informe de Actividades | |
| 260 | _aLima | ||
| 260 | _c1990 | ||
| 300 | _a72 | ||
| 520 | _aAcciones llevadas a cabo dentro del proyecto "Construcción con tierra en zona andina : investigación tecnológica y aplicación práctica". Tiene como objetivo la revalorización y mejoramiento de las tecnologías tradicionales de construcción con tierra, en p | ||
| 650 | _aCONSTRUCCIONES EN TIERRA | ||
| 650 | _aPROYECTOS | ||
| 942 | _cLIB | ||
| 999 |
_c3494 _d3494 |
||